Do processamento de dados à tecnologa da informação : (Record no. 1223)

MARC details
000 -LÍDER
Campo Fixo de Controle 00773nam a2200217 a 4500
001 - NÚMERO DE CONTROLE
Campo de Controle 1223
003 - IDENTIFICAÇÃO DO NÚMERO DE CONTROLE
Campo de Controle BR-CuiBMT
005 - DATA E HORA DA ÚLTIMA ATUALIZAÇÃO
Campo de Controle 20231204201419.0
008 - DADOS FIXOS
Dados Fixos 231201s2017 baba 000 0 por d
040 ## - AGÊNCIA CATALOGADORA
Código da Agência Catalogadora BR-CuiBMT
Agência que transcreveu o registro BR-CuiBMT
080 ## - Nº DA CLASSIFICAÇÃO DECIMAL UNIVERSAL
Nº Class. CDU 004:02
Nº edição CDU 2007
090 ## - NÚMERO DE CHAMADA
Nº classificação 004:02
Cutter M196d
100 1# - ENTRADA PRINCIPAL -- AUTOR PESSOAL
Nome pessoal Magnavita Filho, José Maria
245 10 - TÍTULO PRINCIPAL
Título principal Do processamento de dados à tecnologa da informação :
Subtítulo lembranças, casos e alguns mitos da informatização do Tribunal de contas do Estado da Bahia /
Indicação de responsabilidade José Maria Magnavita Filho.
260 ## - PUBLICAÇÃO, DISTRIBUIÇÃO, ETC.
Local de publicação Salvador :
Editora TCE,
Data 2017.
300 ## - DESCRIÇÃO FÍSICA
N. páginas ou volumes 74 p. :
Ilustrações il. ;
Dimensões 22 cm
490 1# - INDICAÇÃO DE SÉRIE
Título da série Coleção memória viva ;
Volume/designação sequencial da série v. 1
650 ## - ASSUNTO TÓPICO
Cabeçalho tópico ou nome geográfico Tribunal de contas
Subdivisão de forma Controle externo
Subdivisão geral História
Subdivisão geográfica Bahia
830 ## - ENTRADA SECUNDÁRIA DE SÉRIE -- TÍTULO UNIFORME
Título uniforme Memória viva ;
Nº do volume/designação sequencial da série 1
942 ## - ELEMENTOS DE ENTRADA ADICIONAIS (KOHA)
Fonte de classificação ou esquema de arquivamento Classificação Decimal Universal
Tipo de item do Koha Livros
Holdings
Estado: removido Estado: perdido Fonte de classificação ou esquema de arquivamento Estado: danificado Indisponível para empréstimo Localização permanente Localização atual Data de aquisição Total Checkouts Número de Chamada completo Código de barras Date last seen Número do exemplar Preço efetivo a partir de Tipo de item (Koha)
    Classificação Decimal Universal     Biblioteca da Escola Superior de Contas do TCE/MT Biblioteca da Escola Superior de Contas do TCE/MT 01/12/2023   004:02 M196d BIBTCEMT23120025 01/12/2023 Ex. 1 01/12/2023 Livros

Powered by Koha